Logo BPK

Bibliografia Prac Pracowników

Politechniki Koszalińskiej

Thermal properties of SFRM / (Rekord nr 9605)

Szczegóły MARC
000 -ETYKIETA REKORDU
podpole kontrolne o stałej długości 00795naa a22001571i 4500
001 - NUMER KONTROLNY REKORDU
podpole kontrolne 9605
003 - IDENTYFIKATOR NUMERU KONTROLNEGO REKORDU
podpole kontrolne KOSZ 005
005 - DATA OSTATNIEJ MODYFIKACJI REKORDU
podpole kontrolne 20180404143445.0
008 - POLE O STAŁEJ DŁUGOŚCI - DANE KONTROLNE
podpole kontrolne o stałej długości 180404s2006 rm ||||f |||| 10| 0 eng|d
040 ## - ŹRÓDŁO KATALOGOWANIA
Instytucja, która utworzyła rekord KOSZ 005/HR
100 ## - NAZWA OSOBOWA
Nazwa osobowa KATZER, Jacek.
Lata pracy 1999 - 2012.
Instytucja Politechnika Koszalińska - Wydział Budownictwa i Inżynierii Środowiska,
Wydział Katedra Budownictwa i Materiałów Budowlanych
245 10 - TYTUŁ/ODPOWIEDZIALNOŚĆ
Tytuł Thermal properties of SFRM /
Pozostałe elementy strefy tytułu i oznaczenia odpowiedzialności Jacek Katzer.
655 #0 - TERMIN INDEKSOWY - OKREŚLENIE RODZAJU/FORMY DOKUMENTU
Określnie rodzaju/formy dokumentu Materiały konferencyjne.
773 0# - TYTUŁ DOKUMENTU MACIERZYSTEGO
Wyrażenie wprowadzające W :
Tytuł Lucrările ştiinţifice ale Simpozionului Internaţional Multidisciplinar "Universitaria SIMPRO" 2006 : ştiinţe socio - umane filologie : 13-14 octombrie 2006 / Ministerul Educaţiei şi Cercetării Universitatea din Petroşani. -
Adres wydawniczy Petroşani, 2006. -
Informacje dotyczące relacji s. 56-59.
942 ## - HASŁO DODATKOWE - ELEMENTY(KOHA)
Typ dokumentu Rozdział
Schemat klasyfikacji Uniwersalna klasyfikacja dziesiętna

Brak dostępnych egzemplarzy.

© 2014 Biblioteka Politechniki Koszalińskiej :: BIBLIOGRAFIA PRAC PRACOWNIKÓW